Responses for show #1894 - Thursday, November 26, 1992

Contestants

[<< previous game]

Bill Lipscomb, a Ph.D. candidate from Lynchburg, Virginia

Laurie Chambliss, a writer originally from Danville, Illinois

Tim Buthod, a credit union teller from Atlanta, Georgia (whose 1-day cash winnings total $21,900)

[next game >>]

Jeopardy! Round responses

1956
BOATS & BOATING
PEOPLE & PLACES
FIRST LADIES
ALAN & MARILYN BERGMAN SONGS
EPONYMS
(Alex: Things that have taken the name of an individual, who may or may not have invented that particular item. Mae West is an example that comes to mind.)
    $100 1
Nehru

Laurie
    $100 26
canoes

Laurie
    $100 6
Cairo, Egypt

Laurie
    $100 8
Mary Todd Lincoln

Tim
    $100 12
"You Don't Bring Me Flowers"

Tim
    $100 13
a Caesar salad

Bill
    $200 2
polio

Bill
    $200 27
America's Cup

Bill
    $200 7
pygmies

Bill
    $200 22
Mrs. Grant

Laurie
    $200 18
Good TImes

Tim
    $200 14
a Bowie knife

Tim
    $300 3
Yorktown

Bill
    $300 28
the Coast Guard

Bill
    $300 9
tea

Tim
    $300 23
Eleanor Roosevelt

Bill
    $300 19
(Tim: Who is Goldman?)

Michel Legrand

Tim
Triple Stumper
    $300 15
a leotard

Laurie
    $400 4
Aristotle Onassis

Laurie
    $400 29
a marina

Laurie
    $400 10
the Maori

Laurie
    $400 24
Martha Washington

Tim
    $500 20
(Alex: The beautiful voice of Barbra Streisand.)

Yentl

Tim
    $400 16
a silhouette

Laurie
    $500 5
(Alex: The man's name was [*]. The Twilight Zone.)

Rod Serling

Triple Stumper
    $500 30
hydrofoil (hydroplane accepted)

Laurie
    $500 11
Sri Lanka

Laurie
    $500 25
Ohio

Tim
    $500 21
The Summer of '42

Tim
    $500 17
a chauvinist

Laurie

Scores at the first commercial break (after clue 14):

Tim Laurie Bill
$700 $1,500 $800

Scores at the end of the Jeopardy! Round:

Tim Laurie Bill
$2,500 $3,900 $1,600

Double Jeopardy! Round responses

THE OLD TESTAMENT
ZOOLOGY
CHINESE HISTORY
BOOKS & AUTHORS
HODGEPODGE
BODIES OF WATER
    $200 1
Goliath

Bill
    $200 26
a camel

Bill
    $200 12
Marco Polo

Tim
    $200 11
Merlin

Tim
    $200 21
Godzilla

Laurie
    $200 6
the Colorado

Bill
    $400 2
the Ark of the Covenant

Laurie
    $400 27
lungs

Bill
    $400 13
Hong Kong

Laurie
    $400 14
Tom Clancy

Laurie
    $400 22
picking pockets

Laurie
    $400 7
the Ganges

Laurie
    $600 3
Naomi

Bill
    $600 28
hibernation

Tim
    $600 16
opium

Tim
    $600 15
German

Tim
    $600 23
(Bill: What is linen?)

linoleum

Bill
Triple Stumper
    $600 8
Lake Victoria

Laurie
    $800 4
Jonah

Laurie
    $800 29
carpenter ants & bees

Laurie
    $800 17
Mao Tse-tung

Bill
    $800 18
Willa Cather

Laurie
    $800 24
Montgomery Ward

Triple Stumper
    $800 9
the Bay of Biscay

Tim
    $1000 5
(Laurie: What is Judges?)

1st & 2nd Chronicles

LaurieBill
    $2,200 30
(Laurie: What are shellfish?)

mollusks

Laurie
    $1,500 19
kowtow

Laurie
    $1000 20
The Invisible Man

Bill
    $1000 25
(Tim: Who is Roosevelt?)
(Alex: Be more specific.)
(Tim: Franklin Roosevelt.)
(Alex: Wrong.)

Theodore Roosevelt

TimBill
    $1000 10
the Arctic Ocean

Bill

Scores at the end of the Double Jeopardy! Round:

Tim Laurie Bill
$4,500 $7,400 $7,400

[wagering suggestions for these scores]

Final Jeopardy! Round responses

THE CABINET
(Alex: The Post Office is no longer a cabinet department, so that's out.)
TimWhat is Treasury?
$3,000
LaurieWhat is the Commerce Dept?
$7,400
BillWhat is the Dept. of Commerce?
$7,400
Treasury

Final scores:

Tim Laurie Bill
$7,500 $0 $0
2-day champion: $29,400 2nd place: trip to Las Vegas 3rd place: Apilco ovenware & tableware

Game dynamics:

Coryat scores:

Tim Laurie Bill
$4,400 $9,100 $7,400
15 R
(including 1 DD),
2 W
23 R
(including 1 DD),
2 W
(including 1 DD)
17 R,
1 W

Combined Coryat: $20,900

The J! Archive is created by fans, for fans. The Jeopardy! game show and all elements thereof, including but not limited to copyright and trademark thereto, are the property of Jeopardy Productions, Inc. and are protected under law. This website is not affiliated with, sponsored by, or operated by Jeopardy Productions, Inc. Join the discussion at JBoard.tv.